000 00400nam a2200097Ia 4500
008 180130s9999 xx 000 0 und d
245 _cBecker, Wendy S.
_aSocially responsible and sustainable supply chains
260 _c2013
300 _aBook title: Green organizations : driving change with I-O psychology--Acession number C18638; pages 173-185
650 _aBUSINESS ENTERPRISES--ENVIRONMENTAL ASPECTS
999 _c354599
_d354599